| 000 | 01622cam a2200241 4500500 | ||
|---|---|---|---|
| 005 | 20260419005035.0 | ||
| 041 | _afre | ||
| 042 | _adc | ||
| 100 | 1 | 0 |
_aTalamon, Flore _eauthor |
| 245 | 0 | 0 | _aLes 25 ans de la loi Taubira, le rôle des musées face aux héritages de l’esclavage |
| 260 | _c2026. | ||
| 500 | _a94 | ||
| 520 | _aLa table ronde sur « Les 25 ans de la loi Taubira, le rôle des musées face aux héritages de l’esclavage » s’est tenue le 22 janvier 2026 au Musée d’Aquitaine, dans le cadre de la Rencontre nationale du réseau des musées engagés, et a été organisée en partenariat avec la Fondation pour la mémoire de l’esclavage. Modérée par Laurent Védrine, directeur du Musée d’Aquitaine, elle réunissait Pierre-Yves Bocquet, directeur adjoint de la Fondation pour la mémoire de l’esclavage, Rahim Nour, directeur artistique de la Compagnie Orfélé, projet Lieux de mémoire, une histoire de la traite négrière ; Mathilde Schneider, conservatrice en chef du patrimoine, co-commissaire de l’exposition Esclavage, mémoires normandes, et directrice du musée Beauvoisine, Métropole-Rouen-Normandie ; Isabelle Vestris, directrice du Mémorial ACTe. | ||
| 690 | _aesclavage | ||
| 690 | _aloi Taubira | ||
| 690 | _aMACTe | ||
| 690 | _aMNHI | ||
| 690 | _amusée Beauvoisine | ||
| 690 | _amusée d’Aquitaine | ||
| 690 | _aréseau des musées engagés | ||
| 786 | 0 | _nMondes & Migrations | - | 2 | 2026-04-03 | p. 191-199 | 3075-6812 | |
| 856 | 4 | 1 | _uhttps://shs.cairn.info/revue-mondes-et-migrations-2026-2-page-191?lang=fr&redirect-ssocas=7080 |
| 999 |
_c2215764 _d2215764 |
||